000 00461nam a2200181 4500
001 18967
005 20230410103843.0
008 060907n2000 dr spa
020 _a8423938549
035 _9funglode19117
041 _aES
050 1 4 _a409 DS 915.5 D122m 2000
100 _aDae-Jung, Kim
245 1 _aMi vida, mi camino /
_cKim Dae-Jung
260 _aMadrid :
_bEditorial Espasa Calpe,
_c2000
300 _a352 p.
942 _2lcc
_cbk
999 _c27121
_d27121